Průmyslové infórum pro podnikání a management

Enregistré dans:
Détails bibliographiques
Format: Publication en série
Langue:tchèque
Publié: Praha Utrin 1990
Sujets:
Tags: Ajouter un tag
Pas de tags, Soyez le premier à ajouter un tag!

MARC

LEADER 00000nas2a2200000 4500
001 s015037
005 20041019155329.4
022 |a 0862-7207 
041 0 |a cze 
044 |a CZ 
245 1 0 |a Průmyslové infórum pro podnikání a management 
264 1 |a Praha  |b Utrin  |c 1990 
300 |a 1 zv. 
773 0 |w eu_un_cat*s120522 
610 2 0 |a podnikanie 
610 2 0 |a manažment 
610 2 0 |a podnik priemyselný